Responses for Show #7885 - Friday, December 14, 2018

Contestants

[<< previous game]

Noah Link, an organic farmer from Detroit, Michigan

Jackie Fuchs, an attorney and writer from Los Angeles, California

Faris Alikhan, a speechwriter from Atlanta, Georgia (whose 1-day cash winnings total $22,700)

[next game >>]

Jeopardy! Round responses

CENTURY 19 REAL ESTATE LISTINGS
ODD WORDS
TEAMS ON THE MOVE
MYTHICAL TAXONOMY
THINGS TO TAKE WITH YOU ON VACATION
SHORE LINES
    $200 10
the opera

Jackie
    $200 6
an upset

Triple Stumper
    $200 26
the Rams

Jackie
    $200 1
the Loch Ness monster

Jackie
    $200 23
sunscreen

Faris
    $200 8
the halls of Montezuma

Jackie
    $400 14
the Capitol

Noah
    $400 7
(Jackie: What is moisture?)
(Noah: What is weight?)

temperature

JackieNoah
Triple Stumper
    $400 4
(Jackie: What is Jurassic Park: The Lost World?)

Jurassic World

FarisJackie
    $400 22
mosquitoes

Noah
    $400 15
"Rock Lobster"

Jackie
    $600 13
Thomas Jefferson

Faris
    $600 24
horses

Jackie
    $600 5
Bigfoot

Faris
    $600 16
a camera

Faris
    $600 19
Dunkirk

Faris
    $800 11
Faneuil

Jackie
    $800 25
lava

Faris
    $800 2
Alien

Faris
    $800 17
cashews

Faris
    $800 20
(Emma) Lazarus

Jackie
    $1000 12
(Noah: What is Carnegie Hall?)

Madison Square Garden

Noah
Triple Stumper
    $1000 9
anointment

Triple Stumper
    $1000 27
[The end-of-round signal sounds.]

San Jose

Triple Stumper
    $800 3
the Kraken

Faris
    $1000 18
(Noah: What is 220?)
(Alex: 220--)
(Noah: Or [*]?)
(Alex: Yes.)

240

Noah
    $1000 21
(Alex: Less than a minute to go now.)

the pearl

Triple Stumper

Scores at the first commercial break (after clue 15):

Faris Jackie Noah
$3,200 $1,000 -$1,000

Scores at the end of the Jeopardy! Round:

Faris Jackie Noah
$6,200 $2,600 $400

Double Jeopardy! Round responses

GREAT BOOKS ON AUDIBLE
COUNTRIES' HIGHEST POINTS
CELEBRITIES
LAW PRACTICE
THAT HAPPENED!
JACK WHO OR WHAT?
    $400 12
Frankenstein

Jackie
    $400 1
Germany

Noah
    $400 27
[The end-of-round signal sounds.]

Jordan Peele

Faris
    $400 14
motions

Noah
    $400 19
Brazil

Faris
    $400 21
(Alex: Less than a minute.)

Jack Sprat

Jackie
    $800 15
Fahrenheit 451

Noah
    $800 2
(Jackie: What is Israel?)

Turkey

JackieNoah
    $800 13
moot court

Jackie
    $800 18
Gallipoli

Faris
    $800 25
jackknife

Noah
    $1200 16
(Noah: What is Through the Looking-Glass?)

Alice in Wonderland

FarisNoah
    $1200 3
(Noah: What is Peru?)
(Faris: What is Argentina?)

Suriname

FarisNoah
Triple Stumper
    $3,000 6
(Jackie: [Wagering] I'm gonna make it a false Daily Double, which means, um, I just always wanted to say that. $3,000.)
(Alex: You're a troublemaker, Jackie.)

palimony

Jackie
    $1200 10
remember the Maine

Noah
    $1200 24
Jack Frost

Jackie
    $2,000 17
(Faris: What is... Huckleberry Finn?)

The Adventures of Tom Sawyer

Faris
    $1600 4
New Zealand

Noah
    $1600 7
delicti

Triple Stumper
    $1600 9
Admiral Peary

Faris
    $1600 22
a Jack Russell

Jackie
    $2000 20
Jane Eyre

Noah
    $2000 5
Antigua and Barbuda

Jackie
    $2000 26
SZA

Triple Stumper
    $2000 8
intestate

Jackie
    $2000 11
(Faris: Who is Stonewall Jackson?)
...
(Alex: Who is the cavalryman, [*].)

Jeb Stuart

Faris
Triple Stumper
    $2000 23
Jack the Dripper

Triple Stumper

Scores at the end of the Double Jeopardy! Round:

Faris Jackie Noah
$5,400 $13,200 $6,000
(lock game)

[wagering suggestions for these scores]

Final Jeopardy! Round responses

BUSINESS & INDUSTRY
FarisWhat is Toys R' Us
$5,400
NoahWhat is Toys-R-Us?
$5,111
JackieWhat is Toys Я Us? (♥ u mom!)
$1,000
Toys"R"Us

Final scores:

Faris Jackie Noah
$10,800 $14,200 $11,111
3rd place: $1,000 New champion: $14,200 2nd place: $2,000

Game dynamics:

Coryat scores:

Faris Jackie Noah
$7,600 $11,400 $6,000
15 R
(including 1 DD),
3 W
(including 1 DD)
16 R
(including 1 DD),
3 W
11 R,
4 W

Combined Coryat: $25,000

[game clues] [game scores] [suggest correction]

Game tape date: 2018-10-31
The J! Archive is created by fans, for fans. Scraping, republication, monetization, and malicious use prohibited; this site may use cookies and collect identifying information. See terms. The Jeopardy! game show and all elements thereof, including but not limited to copyright and trademark thereto, are the property of Jeopardy Productions, Inc. and are protected under law. This website is not affiliated with, sponsored by, or operated by Jeopardy Productions, Inc. Join the discussion at JBoard.tv.